| 000 | 00424nam a2200145Ia 4500 | ||
|---|---|---|---|
| 003 | OSt | ||
| 005 | 20260226160212.0 | ||
| 008 | 211028s2018 xx 000 0 und d | ||
| 040 | _cAIMIT LIBRARY | ||
| 041 | _aeng | ||
| 100 |
_aDash, Riya; Thomas, Babu. _g1716159 _98136 |
||
| 245 | _aStudy on investors perception towards mutual funds at IDFC AMC Bangalore / | ||
| 260 |
_aBangalore _bBalaraju S J _c2018 |
||
| 942 |
_2ddc _cPRO |
||
| 999 |
_c219704 _d219704 |
||